[Event "FRA-ch Youth 2017"]
[Site "Belfort"]
[Date "2017.04.18"]
[Round "4"]
[White "Bruneau, Maylis"]
[Black "Bellahcene, Anissa"]
[Result "0-1"]
[WhiteElo "1794"]
[BlackElo "1806"]
[Annotator "NA RC"]
[PlyCount "60"]
[EventDate "2017.??.??"]
[EventCountry "FRA"]
[SourceTitle "playchess.com"]
[Source "ChessBase"]
[SourceQuality "1"]
[TimeControl "5400+30"]

{[%evp 12,57,66,51,64,72,77,37,45,5,22,-2,-13,-31,-6,0,0,4,79,85,100,99,115,-6,20,0,0,-156,-21,-102,-113,-674,-213,-302,-360,-351,-375,-362,-363,-357,-339,-389,-378,-800,-277,-277,32767,-29994]} 1. d4 {[%emt 0:00:00]} f5 {[%emt 0:00:32]} 2. Nf3 {[%emt 0:00:23]} e6 {[%emt 0:00:29]} 3. Bf4 {[%emt 0:01:25]} d5 {[%emt 0:01:27]} 4. e3 {[%emt 0:01:20] A80: Dutch Defence: Unusual White second moves} c6 {[%emt 0:01:15]} 5. Nbd2 {[%emt 0:04:14]} Nf6 {[%emt 0:02:47]} 6. c4 {[%emt 0:03:22]} (6. Bd3 Be7 7. h3 Nbd7 8. g4 Ne4 9. c3 a5 10. Qc2 a4 11. c4 O-O {1-0 (26) Agrest,E (2596)-Vaarala,E (2298) Sweden 2016}) 6... Be7 {[%emt 0:04:27]} 7. h3 {[%emt 0:01:44]} Nbd7 {[%emt 0:02:09]} 8. Bd3 {[%emt 0:02:56]} O-O $146 {[%emt 0:03:42]} (8... Ne4 9. O-O O-O 10. Rc1 Kh8 11. Qe2 Qe8 12. Ne5 Nxd2 13. Qxd2 {1-0 (77) Kislik,E (2368)-Pinterne,K (2133) Hungary 2013}) 9. Ng5 {[%emt 0:08:48]} Nb8 {[%emt 0:08:34]} 10. c5 {[%emt 0:07:05]} Ne4 {[%emt 0:06:52]} 11. Ngxe4 {[%emt 0:02:43]} fxe4 {[%emt 0:03:14]} 12. Be2 {[%emt 0:03:17]} b6 {[%emt 0:03:50]} 13. b4 {[%emt 0:10:28]} Nd7 {[%emt 0:05:27]} 14. O-O {[%emt 0:03:18]} Bh4 {[%emt 0:10:47]} (14... bxc5 $11 15. bxc5 (15. dxc5 a5 $11) 15... e5) 15. Nb3 {[%emt 0:09:58]} Qf6 {[%emt 0:04:44]} 16. g3 {[%emt 0:11:57]} Bg5 {[%emt 0:00:10] [#]} 17. Kh2 {[%emt 0:05:22]} ({Better is} 17. Bd6 $1 $16) 17... e5 {[%emt 0:02:38]} 18. dxe5 {[%emt 0:01:51]} Nxe5 {[%emt 0:00:15]} 19. Nd4 $2 {[%emt 0:01:48]} (19. b5 $11) 19... Bd7 {[%emt 0:06:50]} (19... Bxf4 $17 20. gxf4 bxc5 21. bxc5 Qh4 22. fxe5 Bxh3) 20. Qc1 {[%emt 0:07:33]} (20. Bxe5 $15 Qxe5 21. Bg4 bxc5 22. Bxd7 (22. bxc5 Qe7 $15) 22... cxd4 23. exd4) 20... Bxf4 {[%emt 0:04:32]} 21. gxf4 $4 {[%emt 0:02:21]} (21. exf4 $17 Nd3 22. Qc3) 21... Ng6 $2 {[%emt 0:01:34]} (21... Qh4 {( -> ...Nf3+)} 22. fxe5 Bxh3) 22. f5 {[%emt 0:02:44]} Bxf5 {[%emt 0:04:39]} 23. Nxf5 {[%emt 0:00:07]} Qxf5 {[%emt 0:00:05]} 24. cxb6 {[%emt 0:00:58]} Qe5+ {[%emt 0:02:49]} (24... axb6 $2 25. Qxc6 Rac8 26. Qd6 $17) 25. Kh1 {[%emt 0:01:06]} Rf6 {[%emt 0:03:23]} ({Weaker is} 25... axb6 26. Qxc6 Ne7 27. Qb7 $17) 26. b7 {[%emt 0:01:31]} Rb8 {[%emt 0:00:23]} 27. b5 $2 {[%emt 0:02:03]} (27. Rb1 Rxb7 28. Qb2) 27... Rxb7 $2 {[%emt 0:01:26]} (27... Nh4 {( -> ...Rf3!)} 28. a4 {[#]} Rf3 $1 {[%mdl 512]} 29. Bxf3 Nxf3 30. bxc6 Qh2#) 28. bxc6 {[%emt 0:00:48]} Rc7 {[%emt 0:00:02]} 29. Bb5 {[%emt 0:00:57]} (29. Rb1 $19) 29... Rf3 {[%emt 0:00:34]} 30. Kg2 {[%emt 0:01:42]} Nh4+ {[%emt 0:00:13] Rh1 Qe8+} 0-1

[Event "FRA-ch Youth 2017"]
[Site "Belfort"]
[Date "2017.04.18"]
[Round "4"]
[White "Belluire, Beatrice"]
[Black "Lomandong Noela-Joyce"]
[Result "1-0"]
[WhiteElo "1786"]
[BlackElo "1987"]
[Annotator "NA RC"]
[PlyCount "114"]
[EventDate "2017.??.??"]
[EventCountry "FRA"]
[SourceTitle "playchess.com"]
[Source "ChessBase"]
[SourceQuality "1"]
[TimeControl "5400+30"]

{[%evp 9,113,2,0,8,151,144,158,151,165,152,178,93,72,80,94,20,43,59,68,48,43,47,53,48,49,58,99,0,22,-25,0,32767,90,104,122,93,32767,32767,81,84,81,0,18,0,0,0,44,3,6,14,43,0,15,0,0,0,361,364,378,360,401,414,438,447,475,465,827,266,286,331,274,250,274,289,335,268,311,32767,285,368,380,431,503,571,1000,1097,802,880,757,983,658,1210,974,938,1165,1543,32767,1352,32767,4841,32767,29982,29984,29984,29981,29985]} 1. e4 {[%emt 0:00:00]} b6 {[%emt 0:01:17]} 2. d4 {[%emt 0:00:00]} Bb7 {[%emt 0:00:04]} 3. Nc3 {[%emt 0:01:18]} Nf6 {[%emt 0:00:05] B00: Queen's Fianchetto Defence, Nimzowitsch Defence} (3... e6 4. Be3 g6 5. Qd2 Bg7 6. O-O-O d6 7. h4 h6 8. h5 g5 9. f4 gxf4 10. Bxf4 Nd7 11. Nf3 a6 12. Kb1 {1-0 (68) Guseinov,G (2631)-Kamsky,G (2741) Khanty-Mansiysk 2013}) 4. f3 {[%emt 0:08:23]} e6 {[%emt 0:00:39]} 5. Be3 {[%emt 0:06:43]} Bb4 {[%emt 0:03:13]} 6. Qd2 {[%emt 0:01:34]} Bxe4 $146 {[%emt 0:10:31]} (6... d5 $11 {remains equal.}) (6... a5 7. a3 Be7 8. g4 d6 9. Bb5+ c6 10. Bd3 Qc7 11. Nge2 Nfd7 12. O-O-O {1-0 (43) Caro Martinez,R (1714)-Camus,A (1955) Santa Eulalia de Roncana 2011}) 7. fxe4 {[%emt 0:10:23]} Nxe4 {[%emt 0:00:07]} 8. Qd3 {[%emt 0:02:29]} Bxc3+ {[%emt 0:01:41]} 9. bxc3 {[%emt 0:00:12]} Qh4+ {[%emt 0:00:12]} 10. Ke2 {[%emt 0:31:16]} (10. g3 $18 {and White stays clearly on top.} Nxg3 11. Nf3 (11. hxg3 Qxh1 12. Be2 Qb7 $11)) 10... f5 {[%emt 0:19:39]} 11. Nh3 {[%emt 0:07:28]} Nc6 {[%emt 0:04:54]} 12. Bf2 {[%emt 0:01:03]} (12. g3 $16 Qh5+ 13. Ke1) 12... Qg4+ {[%emt 0:06:53]} 13. Ke1 {[%emt 0:00:45]} Ne7 {[%emt 0:00:10]} 14. Rg1 {[%emt 0:03:21]} Nd5 {[%emt 0:07:11]} 15. Be2 {[%emt 0:00:17]} Qg6 $1 {[%emt 0:00:05]} 16. c4 {[%emt 0:02:24]} Nb4 {[%emt 0:06:24]} 17. Qb3 {[%emt 0:01:38]} c5 {[%emt 0:09:04]} (17... Nc6 $11 {remains equal.}) 18. a3 {[%emt 0:03:23]} (18. Bf3 $16) 18... Nc6 {[%emt 0:00:15]} 19. d5 {[%emt 0:01:23]} Qf6 {[%emt 0:03:36]} 20. Rd1 {[%emt 0:00:26]} Nxf2 {[%emt 0:00:30]} (20... exd5 $11 {remains equal.} 21. Nf4 (21. Rxd5 O-O $15) (21. cxd5 Na5 22. Qd3 Nc3 $11) 21... d4) 21. Kxf2 {[%emt 0:04:32]} ({Much weaker is} 21. Nxf2 Nd4 22. Qd3 O-O $11) 21... Nd4 {[%emt 0:00:34]} 22. Qd3 {[%emt 0:00:34]} Qh4+ {[%emt 0:03:14]} 23. Kf1 {[%emt 0:00:01]} O-O {[%emt 0:00:51]} 24. c3 {[%emt 0:00:47]} Nxe2 {[%emt 0:00:39]} 25. Qxe2 {[%emt 0:01:59]} (25. Kxe2 $16 e5 26. Rdf1) 25... Rae8 {[%emt 0:02:01]} 26. Qd3 {[%emt 0:02:21]} e5 {[%emt 0:00:32]} 27. Re1 {[%emt 0:00:46]} h6 {[%emt 0:05:34]} (27... e4 $5 28. Qg3 $8 Qd8 $11) 28. Re3 {[%emt 0:02:27]} e4 {[%emt 0:03:58]} 29. Qe2 {[%emt 0:00:07]} Kh7 {[%emt 0:02:14]} 30. Nf2 {[%emt 0:01:57]} ({White should play} 30. Qc2 $14) 30... Qxh2 {[%emt 0:01:59]} 31. g3 {[%emt 0:00:14]} f4 {[%emt 0:00:56]} 32. Rh1 {[%emt 0:01:35] [#]} f3 $2 {[%emt 0:00:23]} (32... Qxh1+ $1 $11 {[%mdl 512]} 33. Nxh1 fxe3+ 34. Ke1 Rf3) 33. Rxh2 {[%emt 0:00:14]} fxe2+ {[%emt 0:00:01]} 34. Kxe2 {[%emt 0:00:02]} Re5 {[%emt 0:00:26]} 35. Nxe4 {[%emt 0:00:47]} Rfe8 {[%emt 0:00:17]} 36. Kd3 {[%emt 0:00:12]} Kg6 {[%emt 0:01:35]} 37. Rhe2 {[%emt 0:00:27]} b5 {[%emt 0:00:35]} (37... Rf8 $142 38. Nd6 Rxe3+ 39. Rxe3 h5) 38. cxb5 {[%emt 0:00:54]} (38. Nxc5 $142 bxc4+ 39. Kd4 Rxe3 40. Rxe3 Rxe3 41. Kxe3) 38... Rxd5+ {[%emt 0:00:15]} 39. Kc4 {[%emt 0:00:01]} Rde5 {[%emt 0:00:10]} 40. a4 {[%emt 0:01:23]} d5+ {[%emt 0:00:22]} 41. Kd3 {[%emt 0:01:16]} dxe4+ {[%emt 0:03:36]} ({Stronger than} 41... Rxe4 42. Rxe4 dxe4+ 43. Rxe4 $18) 42. Rxe4 {[%emt 0:00:01]} Rd8+ {[%emt 0:00:31]} 43. Kc4 {[%emt 0:00:24]} Rg5 {[%emt 0:00:56]} 44. R2e3 {[%emt 0:02:09]} Rc8 {[%emt 0:01:32]} 45. a5 {[%emt 0:00:48]} Kh5 {[%emt 0:00:55]} 46. Re5 {[%emt 0:01:43]} Kg6 {[%emt 0:02:16]} 47. Rxg5+ {[%emt 0:00:14]} Kxg5 {[%emt 0:00:10]} 48. Re5+ {[%emt 0:00:08]} Kf6 {[%emt 0:00:53]} 49. Rxc5 {[%emt 0:00:07]} Re8 {[%emt 0:00:02]} 50. b6 {[%emt 0:00:59]} axb6 {[%emt 0:00:15]} 51. axb6 {[%emt 0:00:02]} Rb8 {[%emt 0:00:14]} 52. Kb5 {[%emt 0:00:27]} g5 {[%emt 0:00:23]} 53. Ka6 {[%emt 0:00:12]} Ke7 54. Ka7 {[%emt 0:00:10]} Rd8 {[%emt 0:01:23]} 55. b7 {[%emt 0:00:21]} Kd6 {[%emt 0:00:14]} 56. Rc8 {[%emt 0:00:15]} Rd7 {[%emt 0:00:04]} 57. Ka8 {[%emt 0:00:10]} Kd5 1-0

[Event "FRA-ch Youth 2017"]
[Site "Belfort"]
[Date "2017.04.18"]
[Round "4"]
[White "Georges, Lisa"]
[Black "Bellahcene, Meriem"]
[Result "1-0"]
[WhiteElo "1704"]
[BlackElo "1919"]
[Annotator "NA RC"]
[PlyCount "89"]
[EventDate "2017.??.??"]
[EventCountry "FRA"]
[SourceTitle "playchess.com"]
[Source "ChessBase"]
[SourceQuality "1"]
[TimeControl "5400+30"]

{[%evp 8,80,24,-8,32767,32767,32767,32767,32767,32767,32767,32767,14,32767,-6,-27,-16,-41,7,4,9,-7,0,-8,-28,-40,6,0,35,-14,68,68,54,5,31,29,39,43,79,39,55,57,58,45,81,101,145,75,170,110,279,191,372,377,357,0,29989,29990,29990,594,29991,1402,1761,1518,1618,1845,1458,6208,6303,29982,29983,5393,32767,29990,29987]} 1. e4 {[%emt 0:00:00]} c5 {[%emt 0:00:13]} 2. Nf3 {[%emt 0:00:00]} Nc6 {[%emt 0:00:22]} 3. d4 {[%emt 0:00:00]} cxd4 {[%emt 0:00:15]} 4. Nxd4 {[%emt 0:00:00]} g6 {[%emt 0:00:21] LiveBook: 8999 Games} 5. g3 {[%emt 0:00:13]} Bg7 {[%emt 0:00:38]} 6. Ne2 {[%emt 0:00:13]} Nf6 {[%emt 0:02:32]} 7. Bg2 {[%emt 0:00:29]} Rb8 {[%emt 0:03:48]} 8. O-O {[%emt 0:02:41]} O-O {[%emt 0:00:37]} 9. Nbc3 {[%emt 0:00:09]} b5 {[%emt 0:02:06]} 10. a3 {[%emt 0:11:08] B34: Sicilian: Accelerated Dragon with 5 Nc3: sidelines} a5 {[%emt 0:11:41]} (10... d6 11. h3 a5 12. Bg5 (12. Ra2 Nd7 13. Be3 Nc5 14. Nd4 Nxd4 15. Bxd4 Bxd4 16. Qxd4 e5 17. Qd2 Be6 18. Raa1 Qb6 19. Rad1 Rbd8 {0-1 (57) Cucarella Montell,A (1996)-Moreno Ruiz,J (2471) Linares 2013}) 12... Nd7 13. Ra2 h6 14. Be3 b4 15. axb4 axb4 16. Nd5 e6 17. Ndf4 b3 18. cxb3 Nc5 19. Nc1 Nb4 {½-½ (66) Kokarev,D (2634)-Lintchevski,D (2517) Khanty-Mansiysk 2016}) 11. Bf4 $146 {[%emt 0:12:48]} d6 {[%emt 0:05:44]} 12. Nd5 {[%emt 0:09:14]} Nxd5 {[%emt 0:07:18]} 13. exd5 {[%emt 0:00:09]} ({Reject} 13. Qxd5 Be6 14. Qd2 (14. Qxc6 $2 Rb6 15. Qxb6 Qxb6 $17) 14... Bxb2 $17) 13... Ne5 {[%emt 0:00:44]} 14. Nd4 {[%emt 0:01:06]} Bd7 {[%emt 0:05:15]} 15. h3 {[%emt 0:01:39]} Qc8 {[%emt 0:04:05]} 16. Kh2 {[%emt 0:01:33]} Qc7 {[%emt 0:07:56]} 17. b3 {[%emt 0:07:11]} Rfc8 {[%emt 0:10:35]} 18. Ra2 {[%emt 0:02:19]} (18. Be3 $14) 18... a4 {[%emt 0:08:06]} (18... e6 $1 $11) 19. Be3 {[%emt 0:04:15]} f5 {[%emt 0:07:51]} 20. Bg5 {[%emt 0:01:14]} Re8 {[%emt 0:05:18]} 21. Re1 {[%emt 0:01:47]} h6 {[%emt 0:00:50]} 22. Bc1 {[%emt 0:03:40]} Rbc8 {[%emt 0:02:41]} 23. Bb2 {[%emt 0:05:16]} Qb6 {[%emt 0:01:38]} 24. f4 {[%emt 0:05:21]} Nf7 $1 {[%emt 0:00:30]} 25. Ne6 {[%emt 0:00:32]} Bxb2 {[%emt 0:02:35]} 26. Rxb2 {[%emt 0:00:28]} axb3 {[%emt 0:01:32]} ({Black should play} 26... Qa7) 27. Rxb3 {[%emt 0:02:02]} (27. cxb3 $142 Bxe6 28. Rxe6 (28. dxe6 Nd8 $14)) 27... Kh7 {[%emt 0:01:24]} (27... Bxe6 $14 28. Rxe6 (28. dxe6 Nd8 $14) 28... Qf2) 28. g4 {[%emt 0:06:33]} fxg4 $2 {[%emt 0:03:25]} ({Black should play} 28... Qf2 $14) 29. Qxg4 {[%emt 0:01:08]} h5 $2 {[%emt 0:02:50]} ({Not} 29... Rxc2 $2 30. Rg3 Ng5 31. Nxg5+ hxg5 32. Qxd7 $18) (29... Qf2 30. Re2 h5 31. Qxh5+ (31. Rxf2 hxg4 32. hxg4 Rh8 $18) 31... gxh5 32. Rxf2 Kh6) 30. Ng5+ {[%emt 0:02:26]} Nxg5 {[%emt 0:01:14]} 31. Qxg5 $2 {[%emt 0:00:53]} ({White has to play} 31. Qxd7 $18 Nf7 32. f5 (32. Rxe7 Rxe7 33. Qxe7 Rc7 34. Rxb5 Qa7 $16)) 31... Qd8 $2 {[%emt 0:00:54]} (31... Bf5 $11) 32. Be4 $1 {[%emt 0:00:50]} Rg8 {[%emt 0:00:17]} 33. Qxh5+ {[%emt 0:00:24]} Kg7 {[%emt 0:00:19]} 34. Qxg6+ {[%emt 0:00:04]} (34. Rg3 $142 Bg4 35. Rxg4 Kf8 36. Bxg6 e6 37. Rxe6 Rxg6 38. Qxg6 Rxc2+ 39. Qxc2 Qf6 40. Qc8+ Qd8 41. Qxd8+ Kf7 42. Qg8#) 34... Kf8 {[%emt 0:00:04]} 35. Qh6+ {[%emt 0:00:24]} Kf7 {[%emt 0:00:20]} 36. Bh7 {[%emt 0:03:47]} Qb6 {[%emt 0:01:08]} 37. Bxg8+ {[%emt 0:00:54]} Rxg8 {[%emt 0:00:04]} 38. Rbe3 {[%emt 0:05:10]} Ke8 {[%emt 0:01:35]} 39. Qh7 {[%emt 0:01:04]} Be6 {[%emt 0:00:32]} 40. dxe6 {[%emt 0:01:21]} Rf8 {[%emt 0:00:04]} 41. Qe4 {[%emt 0:00:00]} Qa6 {[%emt 0:00:18]} 42. Rc3 {[%emt 0:00:41]} Kd8 {[%emt 0:00:43]} 43. Qc6 {[%emt 0:00:08]} Qxc6 {[%emt 0:00:37]} 44. Rxc6 {[%emt 0:00:06]} Rxf4 {[%emt 0:00:03]} 45. Rg1 1-0

[Event "FRA-ch Youth 2017"]
[Site "Belfort"]
[Date "2017.04.18"]
[Round "4"]
[White "Cavailles, Evan"]
[Black "Papadiamandis, Elliot"]
[Result "0-1"]
[WhiteElo "1694"]
[BlackElo "1944"]
[Annotator "NA RC"]
[PlyCount "134"]
[EventDate "2017.??.??"]
[EventCountry "FRA"]
[SourceTitle "playchess.com"]
[Source "ChessBase"]
[SourceQuality "1"]
[TimeControl "5400+30"]

{[%evp 8,134,31,32767,32767,32767,32767,32767,32767,0,0,-9,0,-17,-14,32767,-15,-16,0,-14,-8,-21,-19,-33,-36,-21,-21,-35,-11,-80,-68,32767,32767,-70,-37,-50,-37,-39,-49,-154,-154,-260,-253,-259,-259,-245,-269,-270,-236,-238,-241,-274,-273,-259,-283,-350,-283,-406,-289,-292,-265,-266,-241,-261,-277,-282,-223,-243,-255,-276,-292,-269,-318,-275,-273,-414,-433,-510,-564,-535,-599,-688,-866,-854,-1083,-671,-699,-1059,-1562,-1441,-1402,-1706,-1250,-1716,-4618,-5583,32767,32767,32767,32767,-29981,32767,32767,32767,32767,32767,32767,32767,32767,32767,32767,32767,32767,32767,32767,32767,32767,32767,32767,32767,32767,32767,32767,32767,32767,32767,-29994,-29994,-29994]} 1. e4 {[%emt 0:00:00]} c5 {[%emt 0:00:20]} 2. Nf3 {[%emt 0:00:00]} d6 {[%emt 0:00:13]} 3. Bb5+ {[%emt 0:00:13]} Bd7 {[%emt 0:00:18]} 4. Bxd7+ {[%emt 0:00:13]} Qxd7 {[%emt 0:00:15] LiveBook: 5991 Games} 5. Nc3 {[%emt 0:02:03]} Nc6 {[%emt 0:01:48] B52: Sicilian: Moscow Variation with 3...Bd7} 6. d3 {[%emt 0:02:46]} e6 {[%emt 0:01:15]} 7. Be3 {[%emt 0:02:46]} Nf6 {[%emt 0:02:41]} 8. O-O {[%emt 0:02:57]} Be7 {[%emt 0:00:20]} 9. h3 {[%emt 0:04:34]} O-O {[%emt 0:00:59]} 10. Qd2 $146 {[%emt 0:08:35]} (10. Re1 a6 11. a4 Qc7 12. d4 {½-½ (12) Voloshin,L (2477)-Bakre,T (2467) Olomouc 2005}) 10... Rab8 {[%emt 0:07:04]} 11. a4 {[%emt 0:02:07]} b6 {[%emt 0:02:05]} 12. Rfe1 {[%emt 0:05:30]} a6 {[%emt 0:04:47]} 13. Bg5 {[%emt 0:03:23]} b5 {[%emt 0:03:10]} 14. axb5 {[%emt 0:00:07]} axb5 {[%emt 0:00:05]} 15. e5 {[%emt 0:01:17]} dxe5 {[%emt 0:02:09]} 16. Nxe5 {[%emt 0:00:16]} Nxe5 {[%emt 0:02:50]} 17. Rxe5 {[%emt 0:00:08]} Qd4 {[%emt 0:02:26]} 18. Bxf6 {[%emt 0:13:31]} Bxf6 {[%emt 0:00:09]} 19. Re4 {[%emt 0:00:09]} Qd7 {[%emt 0:01:15]} 20. Nd1 {[%emt 0:17:33]} c4 {[%emt 0:02:29]} 21. d4 {[%emt 0:05:28]} Ra8 {[%emt 0:05:34]} 22. Rxa8 {[%emt 0:00:07]} Rxa8 {[%emt 0:00:04]} 23. Qc1 {[%emt 0:04:50]} (23. c3 $15) 23... Bxd4 {[%emt 0:01:11]} 24. Qd2 {[%emt 0:01:10] [#]} (24. Re1 $17 {keeps fighting.}) 24... Bxf2+ $1 {[%emt 0:00:01]} 25. Qxf2 {[%emt 0:00:09]} Qxd1+ {[%emt 0:00:02]} 26. Re1 {[%emt 0:00:14]} Qd5 {[%emt 0:00:15]} 27. Rf1 {[%emt 0:02:07]} Qd7 {[%emt 0:00:27]} 28. Qf3 {[%emt 0:00:15]} Rd8 {[%emt 0:00:11]} 29. Kh1 {[%emt 0:01:01]} h6 {[%emt 0:00:48]} 30. Qf2 {[%emt 0:03:22]} f6 {[%emt 0:01:59]} 31. Ra1 {[%emt 0:01:04]} Qd6 {[%emt 0:02:31]} 32. Ra7 {[%emt 0:00:53]} Qd4 {[%emt 0:02:13]} 33. Qxd4 {[%emt 0:01:00]} Rxd4 {[%emt 0:00:06]} 34. Rb7 {[%emt 0:00:29]} Rd5 {[%emt 0:00:28]} 35. Kh2 {[%emt 0:01:09]} Kh7 {[%emt 0:02:17]} 36. Kg3 {[%emt 0:00:48]} Rd2 {[%emt 0:05:03]} 37. Rxb5 {[%emt 0:01:14]} Rxc2 {[%emt 0:00:06]} 38. Rb7 {[%emt 0:00:48]} Kg6 {[%emt 0:01:07]} 39. Kf3 {[%emt 0:01:08]} h5 {[%emt 0:02:03]} 40. g3 {[%emt 0:02:48]} Kf5 {[%emt 0:03:06]} 41. h4 {[%emt 0:03:17]} (41. Rxg7 $142 Rxb2 42. g4+ hxg4+ 43. hxg4+ Ke5 44. Rc7) 41... e5 {[%emt 0:01:43]} 42. Ke3 {[%emt 0:01:48]} g6 {[%emt 0:01:55]} 43. Rb6 {[%emt 0:01:15]} g5 {[%emt 0:06:44]} 44. b4 {[%emt 0:03:27]} cxb3 {[%emt 0:01:24]} 45. Rxb3 {[%emt 0:00:07]} gxh4 {[%emt 0:00:09]} 46. gxh4 {[%emt 0:00:05]} Rc4 {[%emt 0:00:05]} 47. Rb1 {[%emt 0:01:58]} Rxh4 {[%emt 0:00:08]} 48. Rf1+ {[%emt 0:00:09]} Rf4 {[%emt 0:00:08]} 49. Rg1 {[%emt 0:01:01]} h4 {[%emt 0:01:10]} 50. Rg2 {[%emt 0:00:58]} h3 {[%emt 0:00:29]} 51. Rg1 {[%emt 0:00:03]} h2 {[%emt 0:00:14]} 52. Rh1 {[%emt 0:00:02]} Rh4 {[%emt 0:00:04]} 53. Kf3 {[%emt 0:00:09]} e4+ {[%emt 0:00:33]} 54. Kg3 {[%emt 0:00:08]} Kg5 {[%emt 0:00:11]} 55. Kf2 {[%emt 0:00:34]} Kf4 {[%emt 0:00:07]} 56. Kg2 {[%emt 0:00:06]} Kg4 {[%emt 0:00:06]} 57. Rf1 {[%emt 0:00:25]} h1=Q+ {[%emt 0:00:10]} 58. Rxh1 {[%emt 0:00:06]} Rxh1 {[%emt 0:00:04]} 59. Kxh1 {[%emt 0:00:09]} f5 {[%emt 0:00:07]} 60. Kg2 {[%emt 0:00:09]} f4 {[%emt 0:00:05]} 61. Kf2 {[%emt 0:00:04]} e3+ {[%emt 0:00:04]} 62. Ke2 {[%emt 0:00:08]} Kg3 {[%emt 0:00:06]} 63. Kd3 {[%emt 0:00:27]} Kf2 {[%emt 0:00:05]} 64. Ke4 {[%emt 0:00:08]} f3 {[%emt 0:00:07]} 65. Kd5 {[%emt 0:00:04]} e2 {[%emt 0:00:03]} 66. Kd4 {[%emt 0:00:06]} e1=Q {[%emt 0:00:07]} 67. Kd5 {[%emt 0:00:05]} Qe3 {[%emt 0:00:06]} 0-1

[Event "FRA-ch Youth 2017"]
[Site "Belfort"]
[Date "2017.04.18"]
[Round "4"]
[White "Lamaze, Simon"]
[Black "Meillon, Judicael"]
[Result "1/2-1/2"]
[WhiteElo "1682"]
[BlackElo "1884"]
[Annotator "NA"]
[PlyCount "80"]
[EventDate "2017.??.??"]
[EventCountry "FRA"]
[SourceTitle "playchess.com"]
[Source "ChessBase"]
[SourceQuality "1"]
[TimeControl "5400+30"]

{[%evp 8,72,33,27,32767,32767,32767,32767,32767,32767,32767,0,14,-8,-9,-27,-18,-52,-22,-34,-16,-20,-23,-25,-11,-65,-43,-60,-50,-53,-10,-15,-33,-27,-20,-20,-3,-19,-33,-15,-37,-31,-9,-47,-16,-12,-13,-14,-11,0,0,-13,-14,-14,32767,-10,32767,32767,32767,32767,0,32767,0,32767,32767,0,0]} 1. e4 {[%emt 0:00:00]} c5 {[%emt 0:00:07]} 2. Nf3 {[%emt 0:00:00]} d6 {[%emt 0:00:03]} 3. d4 {[%emt 0:00:00]} cxd4 {[%emt 0:00:05]} 4. Nxd4 {[%emt 0:00:00]} Nf6 {[%emt 0:00:05]} 5. Nc3 {[%emt 0:00:00] LiveBook: 94604 Games} a6 {[%emt 0:02:59]} 6. Be3 {[%emt 0:00:54]} e6 {[%emt 0:01:41]} 7. Bd3 {[%emt 0:01:29]} Be7 {[%emt 0:04:37]} 8. O-O {[%emt 0:01:54]} b5 {[%emt 0:02:28]} 9. f3 {[%emt 0:08:28] B42: Sicilian: Kan Variation: 5 Bd3} (9. a4 b4 10. Na2 e5 11. Nf3 Nc6 12. c4 bxc3 13. Nxc3 O-O 14. h3 Rb8 15. Qe2 Nb4 16. Bc4 Qc7 {1-0 (44) Gdanski,J (2492)-Lind,J (2235) Malmo 2015}) 9... Bb7 {[%emt 0:04:11]} 10. Qd2 {[%emt 0:02:07]} Nbd7 {[%emt 0:03:51]} 11. Rad1 {[%emt 0:02:08]} O-O {[%emt 0:06:01]} 12. Qf2 {[%emt 0:04:11]} Rc8 {[%emt 0:06:29]} 13. Nb3 {[%emt 0:06:00]} d5 $146 {[%emt 0:06:09]} (13... Qc7 14. a3 Rfe8 15. Rfe1 Ba8 16. Bf1 d5 17. exd5 Nxd5 18. Nxd5 Bxd5 {0-1 (50) Mooney,G (1840)-Bhandari,K (2013) Baku 2016}) 14. exd5 {[%emt 0:01:11]} Nxd5 {[%emt 0:01:33]} ({Don't play} 14... exd5 15. Rfe1 $14) 15. Nxd5 {[%emt 0:01:39]} Bxd5 {[%emt 0:00:38]} 16. Be4 {[%emt 0:05:59]} Bxe4 {[%emt 0:06:37]} 17. fxe4 {[%emt 0:00:15]} Qc7 {[%emt 0:00:18]} 18. c3 {[%emt 0:01:36]} Ne5 {[%emt 0:02:11]} 19. Bf4 {[%emt 0:03:21]} Bd6 {[%emt 0:01:46]} 20. Qg3 {[%emt 0:02:44]} f6 {[%emt 0:02:15]} 21. Nd4 {[%emt 0:02:41]} Qe7 {[%emt 0:01:00]} 22. Nf3 {[%emt 0:01:50]} Nxf3+ {[%emt 0:03:09]} 23. Qxf3 {[%emt 0:00:13]} Bxf4 24. Qxf4 {[%emt 0:00:07]} e5 {[%emt 0:02:48]} 25. Qf3 {[%emt 0:07:45]} Rfd8 {[%emt 0:02:02]} 26. h3 {[%emt 0:16:14]} Rc6 {[%emt 0:02:31]} 27. Rxd8+ {[%emt 0:01:30]} Qxd8 {[%emt 0:00:11]} 28. Rd1 {[%emt 0:00:23]} Rd6 {[%emt 0:00:03]} 29. Rxd6 {[%emt 0:01:08]} Qxd6 {[%emt 0:00:00]} 30. Qe2 {[%emt 0:01:14]} g6 {[%emt 0:05:23]} 31. g4 {[%emt 0:00:46]} Kf7 {[%emt 0:02:19]} 32. Kf2 {[%emt 0:01:47]} Ke6 {[%emt 0:00:00]} 33. Ke3 {[%emt 0:00:27]} Qc5+ {[%emt 0:01:49]} 34. Kf3 {[%emt 0:03:13]} Qg1 {[%emt 0:00:00]} 35. a4 {[%emt 0:00:30]} Qh1+ {[%emt 0:05:25]} 36. Kg3 Qg1+ $11 {[%emt 0:00:14]} 37. Kf3 {[%emt 0:00:18]} Qh1+ {[%emt 0:00:18]} 38. Kg3 {[%emt 0:00:04]} Qg1+ {[%emt 0:00:23]} 39. Kf3 Qb6 40. axb5 axb5 1/2-1/2

[Event "FRA-ch Youth 2017"]
[Site "Belfort"]
[Date "2017.04.18"]
[Round "4"]
[White "Bureau-Leroyer, Lola"]
[Black "Haussernot, Cecile"]
[Result "0-1"]
[WhiteElo "1635"]
[BlackElo "2107"]
[Annotator "TA"]
[PlyCount "30"]
[EventDate "2017.??.??"]
[EventCountry "FRA"]
[SourceTitle "playchess.com"]
[Source "ChessBase"]
[SourceQuality "1"]

{[%evp 14,30,-17,-16,1,4,15,-28,-16,-163,-187,-299,-293,-478,-482,-481,-449,-1283,-1274]} 1. c4 e5 2. Nf3 Nc6 3. Nc3 Nf6 4. d4 exd4 5. Nxd4 Bb4 6. Nxc6 bxc6 7. Bd2 O-O {A28: English Opening: Four Knights Variation} 8. g3 {LiveBook: 3 Games} (8. a3 Bd6 9. Bg5 h6 10. Bh4 Be5 11. Qc2 Rb8 12. e3 Qe8 13. Be2 Ne4 14. Nxe4 Rxb2 15. Qd3 {0-1 (34) Danchevski,O (2357)-Morozevich,A (2683) Novi Sad 2016}) 8... d5 9. Bg2 Ba6 $146 {The position is equal.} (9... Bg4 10. h3 Bh5 11. O-O Re8 12. Re1 Rb8 13. Be3 Rxe3 14. fxe3 Qe7 15. Qd2 Bc5 16. Nd1 Qe5 17. cxd5 Qxg3 18. Kf1 Bg4 19. hxg4 Nxg4 20. Rc1 Bxe3 21. Nxe3 Qf2# {0-1 (21) Lu,C (2089)-Hoang,V (2201) Can Tho 2012}) 10. b3 dxc4 {Threatening ...Qd4.} 11. Bxc6 {[#]} (11. Qc2 $11 {and White has nothing to worry.}) 11... Qd4 $1 $19 12. Rc1 {[#]} (12. Qc1 $142 Rad8 13. Bf3) 12... Rad8 $1 {[%cal Rd8d6] White must now prevent ...Rd6.} 13. Rc2 $2 (13. bxc4 Rd6 14. Bd5) 13... Rd6 {...Bxc3 is the strong threat.Black is clearly winning.} 14. Bf3 Bxc3 15. e3 (15. Rxc3 $142 Rfd8 16. Qc2) 15... Bxd2+ 0-1